[Event "Moscow Smyslov-A"]
[Site "Moscow"]
[Date "2025.06.05"]
[Round "4"]
[White "Kalambetov, Anton"]
[Black "Sanches Shananin, Adrian"]
[Result "1/2-1/2"]
[WhiteElo "2069"]
[BlackElo "2138"]
[PlyCount "96"]
[EventDate "2025.06.02"]
[EventType "swiss"]
[EventRounds "8"]
[EventCountry "RUS"]
[SourceTitle "CB29_2025"]
[SourceDate "2025.07.16"]
[SourceVersion "1"]
[SourceVersionDate "2025.07.16"]
[SourceQuality "1"]

1. e4 e5 2. Nf3 Nc6 3. Nc3 Nf6 4. h3 d5 5. exd5 Nxd5 6. Bb5 Nxc3 7. bxc3 Bd6 8. d4 exd4 9. 0-0 0-0 10. cxd4 Qf6 11. Bg5 Qg6 12. Bd3 Bf5 13. Nh4 Qxg5 14. Nxf5 Rfe8 15. Rb1 g6 16. Nxd6 cxd6 17. Rxb7 Nxd4 18. Bc4 d5 19. Qxd4 dxc4 20. Qxc4 Qf5 21. Qa4 Re4 22. c4 Rc8 23. Qxa7 Rexc4 24. Rb8 Qd5 25. Qb6 h5 26. Rxc8+ Rxc8 27. Qb2 Ra8 28. Ra1 Kh7 29. h4 Ra4 30. g3 Qd3 31. Re1 Qd5 32. Qb3 Qxb3 33. axb3 Rb4 34. Rb1 f6 35. Kf1 g5 36. hxg5 fxg5 37. Ke2 Kg6 38. Kd3 Kf5 39. Kc3 Rb8 40. b4 Kg4 41. Rh1 h4 42. gxh4 gxh4 43. Kc4 Rc8+ 44. Kd5 Rd8+ 45. Kc5 Rc8+ 46. Kd6 Rb8 47. Rb1 Kf3 48. Kc7 Rh8 1/2-1/2

[Event "Moscow Smyslov-A"]
[Site "Moscow"]
[Date "2025.06.04"]
[Round "3"]
[White "Sanches Shananin, Adrian"]
[Black "Ganiev, Artur"]
[Result "1-0"]
[WhiteElo "2138"]
[BlackElo "2098"]
[PlyCount "103"]
[EventDate "2025.06.02"]
[EventType "swiss"]
[EventRounds "8"]
[EventCountry "RUS"]
[SourceTitle "CB29_2025"]
[SourceDate "2025.07.16"]
[SourceVersion "1"]
[SourceVersionDate "2025.07.16"]
[SourceQuality "1"]

1. e4 e5 2. Nf3 Nc6 3. Bb5 Nf6 4. 0-0 Nxe4 5. d4 Nd6 6. Bg5 Be7 7. Bxe7 Qxe7 8. Bxc6 dxc6 9. dxe5 Nf5 10. Qd3 Be6 11. Nc3 0-0 12. Qe4 Rad8 13. Rad1 h6 14. a3 Rxd1 15. Rxd1 Rd8 16. Rd3 Rxd3 17. Qxd3 Nh4 18. Nxh4 Qxh4 19. Qe3 b6 20. h3 Qd8 21. Qe4 Qd2 22. Qxc6 Qe1+ 23. Kh2 Qxe5+ 24. g3 Qf5 25. Qa8+ Kh7 26. Qe4 Qxe4 27. Nxe4 Bf5 28. f3 Kg6 29. Kg2 h5 30. h4 Bxe4 31. fxe4 Kf6 32. Kf3 Ke5 33. Ke3 c5 34. c4 f6 35. Kd3 g6 36. Ke3 g5 37. g4 hxg4 38. h5 Ke6 39. Kf2 Kf7 40. Kg3 Kg7 41. Kxg4 Kh6 42. Kf5 Kxh5 43. Kxf6 g4 44. e5 g3 45. e6 g2 46. e7 g1Q 47. e8Q+ Kh4 48. Qh8+ Kg3 49. Qg7+ Kf2 50. Qxg1+ Kxg1 51. Ke5 Kf2 52. b4 1-0

[Event "Asia-ch U12"]
[Site "Almaty"]
[Date "2024.06.18"]
[Round "8"]
[White "Aadik, Theophane Lenin"]
[Black "Sanches Shananin, Adrian"]
[Result "1-0"]
[WhiteElo "1852"]
[BlackElo "1863"]
[PlyCount "141"]
[EventDate "2024.06.12"]
[EventType "swiss"]
[EventRounds "9"]
[EventCountry "KAZ"]
[SourceTitle "EXT 2025"]
[Source "ChessBase"]
[SourceDate "2024.10.14"]
[SourceVersion "1"]
[SourceVersionDate "2024.10.14"]
[SourceQuality "1"]
[WhiteTeam "IND"]
[BlackTeam "FID"]

1. d4 Nf6 2. Nf3 e6 3. c4 Bb4+ 4. Nbd2 d5 5. e3 0-0 6. Bd3 b6 7. 0-0 Bb7 8. Qc2 c5 9. cxd5 exd5 10. dxc5 Bxc5 11. Nb3 Qe7 12. Nbd4 Ne4 13. b3 Nd7 14. Bb2 f5 15. Ne2 Rac8 16. Qd1 Ndf6 17. Nfd4 Ng4 18. h3 Nexf2 19. Rxf2 Qxe3 20. hxg4 fxg4 21. Qe1 Rxf2 22. Bxh7+ Kxh7 23. Qxf2 Qxf2+ 24. Kxf2 Ba6 25. Nf4 Rf8 26. Kg3 Bc8 27. Nde6 Bxe6 28. Nxe6 Bd6+ 29. Kxg4 Rf2 30. Bxg7 Rxg2+ 31. Kf3 Rg3+ 32. Ke2 Rg4 33. Kd3 a5 34. Bd4 b5 35. Rg1 Rg6 36. Ng5+ Kg8 37. Nf3 Rxg1 38. Bxg1 Kf7 39. Kd4 Ke6 40. Ng5+ Kd7 41. Kxd5 a4 42. Bc5 Bf4 43. Ne6 axb3 44. axb3 Bd2 45. Nd4 Kc7 46. Nxb5+ Kb7 47. Nd6+ Kb8 48. Kc6 Ba5 49. b4 Bxb4 50. Bxb4 Ka8 51. Nb5 Kb8 52. Nc7 Ka7 53. Bc5+ Kb8 54. Bg1 Kc8 55. Ba7 Kd8 56. Nd5 Ke8 57. Kd6 Kf7 58. Ne7 Kf6 59. Be3 Kf7 60. Bd4 Kf8 61. Ke6 Ke8 62. Bb6 Kf8 63. Nf5 Kg8 64. Ke7 Kh8 65. Kf7 Kh7 66. Be3 Kh8 67. Ne7 Kh7 68. Bg5 Kh8 69. Ng6+ Kh7 70. Nf8+ Kh8 71. Bf6# 1-0

[Event "Asia-ch Rapid U12"]
[Site "Almaty"]
[Date "2024.06.10"]
[Round "1"]
[White "Talgat, Rauan"]
[Black "Sanches Shananin, Adrian"]
[Result "0-1"]
[WhiteElo "1709"]
[BlackElo "2082"]
[PlyCount "118"]
[EventDate "2024.06.10"]
[EventType "swiss (rapid)"]
[EventRounds "9"]
[EventCountry "KAZ"]
[SourceTitle "EXT 2025"]
[Source "ChessBase"]
[SourceDate "2024.10.14"]
[SourceVersion "1"]
[SourceVersionDate "2024.10.14"]
[SourceQuality "1"]
[WhiteTeam "KAZ"]
[BlackTeam "RUS"]

1. e4 e5 2. Nf3 Nc6 3. d4 exd4 4. Bc4 Bc5 5. c3 Nf6 6. 0-0 Nxe4 7. cxd4 d5 8. dxc5 dxc4 9. Qe2 Qd3 10. Re1 f5 11. Nc3 0-0 12. Nxe4 fxe4 13. Qxe4 Bf5 14. Qxd3 cxd3 15. Bf4 Bg4 16. Bxc7 Bxf3 17. gxf3 Rxf3 18. Bd6 Nd4 19. Rad1 Nf5 20. Re4 Rd8 21. Kg2 Nxd6 22. Kxf3 Nxe4 23. Kxe4 d2 24. Ke3 Rd5 25. b4 Re5+ 26. Kxd2 Kf7 27. Kc3 Ke7 28. Rd3 Rf5 29. Re3+ Kd7 30. f3 Rh5 31. Re2 Rh3 32. Rf2 Kc6 33. Kc4 Rh4+ 34. Kb3 Rf4 35. a3 Kb5 36. Kb2 a5 37. bxa5 Kxc5 38. Rg2 g6 39. Rg5+ Kc6 40. Rg4 Rxf3 41. Rc4+ Kb5 42. Rh4 h5 43. Rb4+ Kxa5 44. Rxb7 Rf2+ 45. Kb3 Rxh2 46. Ra7+ Kb6 47. Rg7 Rh3+ 48. Kb4 Rg3 49. a4 Rg4+ 50. Kb3 h4 51. Rf7 Rg5 52. Rf6+ Ka5 53. Rf4 h3 54. Rf1 h2 55. Rh1 Rg2 56. Kc3 g5 57. Kd3 g4 58. Ke3 g3 59. Kf3 Rg1 0-1